Sports General Knowledge #5 by Meast - Statistics

General Stats
  • This quiz has been taken 37 times
  • The average score is 7 of 20
Answer Stats
Hint Answer % Correct
How long is an Olympic swimming pool, in meters? 50
90%
How many players are on a mens college basketball roster? 15
67%
Who led the ATP Rankings at the end of the 2007 season? Roger Federer
57%
Who is the owner of the Dallas Cowboys? Jerry Jones
53%
Who is the only player to win the same Grand Slam tournament in tennis, 14 times? Rafael Nadal
53%
Where were the 2000 Summer Olympics held? Sydney
50%
Which NBA franchise is valued the highest, as of the start of the 2025-2026 season? Warriors
47%
What player has the longest kick return for a TD in a super bowl? Jacoby Jones
37%
In boxing, what is the name of the term used to describe when two fighters grab or hold each other to prevent an exchange of punches? Clinch
33%
Which MLB team had the lowest ERA in 2018? Astros
30%
What is the term called for a hole in one on a Par 5? Condor
30%
What is the official name for the French Open? Roland Garros
27%
Who was the first team that Coach Nick Saban beat in a national championship for Alabama? Texas
27%
Which hockey player has been selected to the most amount of all star teams in his life? Gordie Howe
20%
Who led the NFL in rushing yards in the 2023 postseason? Isiah Pacheco
20%
What conference does Johns Hopkins play for in lacrosse? Big 10
17%
Who has the record for defensive rebounds in his career in the NBA? Kevin Garnett
17%
Who is the only Yankees catcher to die in a plane crash? Thurman Munson
17%
Who is the most recent New York Islander, as of the start of the 25-26 season, to be named an all star? Ilya Sorokin
13%
Who won the 2023 FedEx Cup? Viktor Hovland
13%
No matching quizzes found
Score Distribution
Percent of People with Each Score
Percentile by Number Answered
Your Score History
You have not taken this quiz